000 01197nam a2200265 a 4500
001 BRCA_4969
005 20190320204901.0
008 820309s1891 sp-abc####---#000-0#spa-#
041 _aspa
044 _asp
050 4 _aE111
_b.A84 1891
100 1 _aAsensio y Toledo, José María
_d1829-1905.
_912643
245 1 0 _aCristóbal Colón
_bsu vida, sus viajes, sus descubrimientos
_cpor D. José María Asensio.
260 _aBarcelona
_bEspasa
_c[1891]
300 _a2 v.
_bil. (algunas a color), 16 láminas, mapas
_c32 cm.
500 _aEdición monumental. Espléndida edición ilustrada con magníficas oleografías, copia de famosos cuadros de artistas españoles tales como Balaca, Cano, Jover, Madrazo, Muñoz Degrain, Ortego, Puebla, Rosales, Soler. Enriquecida en todas sus páginas con orlas, cabeceras y viñetas alegóricas
500 _aNo se tiene la carta geográfica
500 _aEstado físico: encuadernación deteriorada, hojas desprendidas en v.1
500 _aDD7
600 1 4 _aColón, Cristobal
_d1451-1506
_vBiografías
_912644
650 1 4 _aAmérica
_xDescubrimiento y exploraciones
_912645
650 1 4 _aAmérica
_xHistoria
_912646
902 _aGFM
942 _2lcc
_cB
999 _c4663
_d4663